| 000 | 00609nam a2200157 i 4500 | ||
|---|---|---|---|
| 001 | 55464 | ||
| 003 | ES-MaACL | ||
| 005 | 20230906163143.0 | ||
| 007 | t| | ||
| 008 | 030919s1952 sp ||||1| spa d | ||
| 100 | 1 |
_aDerqui Morilla, Fernando. _943794 |
|
| 245 | 1 | 0 |
_aCálculo de grupos de pilotes _b: la "estricción" lateral en los pilotes moldeados : procedimiento Derqui : comunicado a la Sociedad Española de Mecánica del Suelo y Cimentaciones / _cF. Derqui. |
| 260 |
_a[S.l. : _bs.n., _c1952] ( _eMadrid : _fGráf. Onofre Alonso) |
||
| 300 |
_a14 p. ; _c25 cm. |
||
| 852 |
_aES-MaACL _j1963-F-13 _bR.33314 |
||
| 999 |
_c55464 _d55464 |
||